00385 a2200121 4500003000500000005001700005040000900022082000800031245007700039260003200116650009000148651002500238Nust20170207155608.0 cNust a799 aAllied Officers YOs-45 Meet with Comdt Photograph 2013 (Soft Copy) cMCS aRawalpindibMCSc18-06-2013 aPictures of Allied Officers YOs-75 Meet with Comdt Photograph 2013 (CD-No-23,Vol-III) aSweet Memories - MCS